000 00299nam a22001337a 4500
008 170324b xxu||||| |||| 00| 0 eng d
020 _a9780815196129
041 _aeng
080 _212TH
_a615.83
100 _a8
101 _ashm
245 _aPHYSICAL EDUCATION AND SPORT
_cWUEST
942 _2udc
_cBK
999 _c8630
_d8630